Ευέλικτη απασχόληση κι ελαστικοποίηση του χρόνου εργασίας : τάσεις, εξελίξεις, προοπτικές
Αποθηκεύτηκε σε:
| Κύριος συγγραφέας: | |
|---|---|
| Άλλοι συγγραφείς: | , |
| Μορφή: | Βιβλίο |
| Γλώσσα: | Greek |
| Δημοσίευση: |
Αθήνα :
Εθνικό Ινστιτούτο Εργασίας,
c1997.
|
| Σειρά: | Μελέτες
1 |
| Θέματα: | |
| Ετικέτες: |
Προσθήκη ετικέτας
Δεν υπάρχουν, Καταχωρήστε ετικέτα πρώτοι!
|
MARC
| LEADER | 00000cam a2200000 i 4500 | ||
|---|---|---|---|
| 001 | 1/79990 | ||
| 008 | 990507s1997 gr | ||| |||| ||gre|| | ||
| 020 | |a 9607517024 | ||
| 035 | |l 10050523 | ||
| 040 | |a GR-MyUA |b gre |e AACR2 | ||
| 041 | 0 | |a gre | |
| 082 | 0 | |a 331.2572 | |
| 100 | 1 | |a Καραντινός, Δημήτρης. | |
| 245 | 1 | 0 | |a Ευέλικτη απασχόληση κι ελαστικοποίηση του χρόνου εργασίας : |b τάσεις, εξελίξεις, προοπτικές / |c Δ. Καραντινός, Μ. Κετσετζοπούλου, Α. Μουρίκη. |
| 260 | |a Αθήνα : |b Εθνικό Ινστιτούτο Εργασίας, |c c1997. | ||
| 300 | |a 181 σ. : |b πιν., εικ. ; |c 24 εκ. | ||
| 490 | 1 | |a (Μελέτες |v ; 1) | |
| 504 | |a Περιλαμβάνει βιβλιογραφικές αναφορές. | ||
| 650 | 0 | 0 | |a Part-time employment. |
| 650 | 0 | 0 | |a Hours of labor. |
| 700 | 1 | |a Κετσετζοπούλου, Μαρία. | |
| 700 | 1 | |a Μουρίκη, Αλέκα. | |
| 830 | 0 | |a Μελέτες |v 1 | |
| 852 | |a INST |b CHIOS |e 20000825 |h 331.2572 ΚΑΡ |p 005200014687 |q 005200014687 |t BK |y 0 | ||
| 852 | |a INST |b CHIOS |c TSAMOYRGELIS |e 20190830 |h 331.2572 ΚΑΡ |p 005200039291 |q 005200039291 |t BK |y 0 | ||
| 852 | |a INST |b LESVOS |e 19990507 |h 331.2572 ΚΑΡ |p 005100016517 |q 005100016517 |t BK |y 0 | ||
| 852 | |a INST |b SAMOS |e 20000527 |h 331.2572 ΚΑΡ |p 005300017995 |q 005300017995 |t BK |y 0 | ||
| 901 | |a BIBL2-2000-2 | ||
| 901 | |a BIBL3-2000-2 | ||
| 901 | |a BIBL-1998-3 | ||
| 970 | |z 2000/08/ΔΕΜΕΝΑΓΑΣ | ||
| 970 | |z 2000/06/ΟΙΚΟΝΟΜΟΠΟΥΛΟΥ ΧΡΙΣΤΙΝΑ | ||
| 970 | |z 2000/05/ΜΠΡΑΤΤΗΣ | ||